Organizační breviář
Guardado en:
| Autor principal: | |
|---|---|
| Otros Autores: | , , |
| Formato: | Libro |
| Lenguaje: | checo |
| Publicado: |
Praha
Inst. řízení
1971
|
| Etiquetas: |
Sin Etiquetas, Sea el primero en etiquetar este registro!
|
MARC
| LEADER | 00000nam a2200000 4500 | ||
|---|---|---|---|
| 001 | c122251 | ||
| 005 | 20041019155224.8 | ||
| 041 | 0 | |a cze | |
| 044 | |a CZ | ||
| 245 | 1 | 0 | |a Organizační breviář |c Hans Ulrich, A. Bernhard, Ch. Gasser ; [Z něm. orig. přel. Zdeněk Schenk] |
| 264 | 1 | |a Praha |b Inst. řízení |c 1971 | |
| 300 | |a 35 s. | ||
| 100 | 1 | |a Ulrich, Hans | |
| 700 | 1 | |a Bernhard, A. | |
| 700 | 1 | |a Gasser, Ch. | |
| 700 | 1 | |a Schenk, Zdeněk | |